|
|
|
|
| LEADER |
00000naa2a2200000 4500 |
| 001 |
420400 |
| 005 |
20231101073352.0 |
| 035 |
|
|
|a (RuTPU)RU\TPU\prd\77939
|
| 090 |
|
|
|a 420400
|
| 100 |
|
|
|a 20100309a1972 k y0rusy50 ca
|
| 101 |
0 |
|
|a rus
|
| 102 |
|
|
|a RU
|
| 200 |
1 |
|
|a Некоторые общие вопросы переноса быстрых электронов. ll. Кинетические уравнения и условия ускоренного движения быстрых электронов в диэлектриках при наличии электрического поля
|f А. А. Воробьев, О. Б. Евдокимов
|
| 461 |
|
0 |
|0 (RuTPU)RU\TPU\prd\191
|x 0021-3411
|t Известия вузов. Физика
|f Министерство общего и профессионального образования Российской Федерации ; Томский Госуниверситет
|d 1958-
|
| 463 |
|
1 |
|0 (RuTPU)RU\TPU\prd\76734
|t № 2
|v С. 7-12
|d 1972
|
| 610 |
1 |
|
|a труды учёных ТПУ
|
| 700 |
|
1 |
|a Воробьев
|b А. А.
|c российский физик
|c ректор Томского политехнического института, профессор
|f 1909-1981
|g Александр Акимович
|2 stltpush
|3 (RuTPU)RU\TPU\pers\12805
|
| 701 |
|
1 |
|a Евдокимов
|b О. Б.
|
| 801 |
|
1 |
|a RU
|b 63413507
|c 20100309
|
| 942 |
|
|
|c BK
|